| 000 | 01238nam0a22002771 4500 | ||
|---|---|---|---|
| 001 | v19\rc\1414948 | ||
| 005 | 20060512132021.5 | ||
| 035 | _a(NLR Aleph) 004542826 | ||
| 090 |
_a2031016 _c2031016 |
||
| 100 | _a20060512d1880 |||y0rusy50 ca | ||
| 101 | 0 | _arus | |
| 102 | _aRU | ||
| 105 | _ay z ||||| | ||
| 200 | 1 |
_aСлово на юбилей двадцать пятой годовщины восшествия на всероссийский престол. благочестивейшего государя императора Александра Николаевича _fСказано с каф. Мор. Богоявлен. Николаев. собора прот. Иоанном Яхонтовым |
|
| 210 |
_aСанкт-Петербург _cГуб. тип. _d1880 |
||
| 215 | _a11 с. | ||
| 700 | 1 |
_aЯхонтов _bИ. К. _f1819-1888 _gИоанн Константинович |
|
| 702 | 0 |
_4280 _7ca _8rus _aАлександр _cимператор российский _dII _f1818-1881 _9120289 _3RU\NLR\AUTH\7710521 |
|
| 801 | 0 |
_aRU _bNLR _gpsbo |
|
| 801 | 0 |
_aRU _bRuMoRGB _2psbo |
|
| 801 | 1 |
_aRU _bProSoft-M _2rusmarc |
|
| 852 |
_aNLR _j18.134.5.211 |
||
| 899 | _aНБ СПбГУ | ||
| 899 | _aГПИБ | ||
| 942 | _cBOOK | ||
| 980 | _aNB | ||